000 00440nam a2200205Ia 4500
001 13455
003 GE_BSU
008 181216s||||||||xx |||||||||||||| ||und||
020 _a9780600207603
040 _cGE_BSU
080 _a821.111-3
100 _aRobinson,Peter
245 _aBird detective
260 _aLondon
260 _bBeaver Books
260 _c1982
300 _a142p.ill.17cm.
653 _aBird detective
942 _cBK
999 _c46615
_d46615